LEADER 00816nam0-22002771i-450- 001 990001657700403321 005 20050502164149.0 035 $a000165770 035 $aFED01000165770 035 $a(Aleph)000165770FED01 035 $a000165770 100 $a20030910d1873----km-y0itay50------ba 101 0 $aita 200 1 $aCatalogo di una scelta biblioteca da vendere (Biblioteca Ruggiero) 210 $aNapoli$cTip. Trani$d1873 215 $a2 v. leg. in 1$d24 cm 610 0 $aBiblioteca Ruggiero 676 $a017.2 712 02$aBiblioteca Ruggiero, Napoli 801 0$aIT$bUNINA$gRICA$2UNIMARC 901 $aBK 912 $a990001657700403321 952 $a60 028.7 B 8$b18717$fFAGBC 959 $aFAGBC 996 $aCatalogo di una scelta biblioteca da vendere (Biblioteca Ruggiero$9372782 997 $aUNINA LEADER 01473nam0 22002893i 450 001 VAN00107991 005 20240806100735.694 010 $a978-88-548-9216-3 100 $a20170217d2016 |0itac50 ba 101 $aita 102 $aIT 105 $a|||| ||||| 200 1 $aUrbanistica e decrescita$etra restringimenti, abbandoni e ricostruzione$eil ruolo dei centri storici minori$fFabio Andreassi 210 $aAriccia$cAracne$d2016 215 $a209 p.$cill.$d21 cm. 410 1$1001VAN00074935$12001 $aEdA$eesempi di architettura$1210 $aSaonara$cIl prato.$v5 606 $aCentri storici$xConservazione [e] Sistemazione urbanistica$3VANC032929$2AR 620 $dAriccia$3VANL000959 700 1$aAndreassi$bFabio$3VANV083341$0720943 712 $aAracne $3VANV108757$4650 801 $aIT$bSOL$c20240906$gRICA 856 4 $uhttp://www.aracneeditrice.it/aracneweb/index.php/pubblicazione.html?item=9788854892163$zhttp://www.aracneeditrice.it/aracneweb/index.php/pubblicazione.html?item=9788854892163 912 $aVAN00107991 950 $aBIBLIOTECA DEL DIPARTIMENTO DI ARCHITETTURA E DISEGNO INDUSTRIALE$d01CONS T-ESAME326 $e01BDA2194 20230731 950 $aBIBLIOTECA DEL DIPARTIMENTO DI ARCHITETTURA E DISEGNO INDUSTRIALE$d01PREST IIEa293 $e01 52615 20170217 996 $aUrbanistica e decrescita$91412972 997 $aUNICAMPANIA